Spain

Salvato in:
Dettagli Bibliografici
Natura: Libro
Lingua:inglese
Pubblicazione: Paris OECD 2010
Serie:OECD economic surveys
Soggetti:
Tags: Aggiungi Tag
Nessun Tag, puoi essere il primo ad aggiungerne!!

MARC

LEADER 00000nam a2200000 4500
001 0143398
005 20240315121259.8
020 |a 978-92-64-08996-9 
022 |a 1995-3364 
041 0 |a eng 
044 |a FR 
245 1 0 |a Spain 
264 1 |a Paris  |b OECD  |c 2010 
300 |a 147 s. 
490 1 |a OECD economic surveys 
830 0 |a OECD economic surveys 
610 2 0 |a kríza hospodárska 
610 2 0 |a kríza finančná 
610 2 0 |a situácia hospodárska 
610 2 0 |a rovnováha hospodárska 
610 2 0 |a banky 
610 2 0 |a reformy štruktúrne 
610 2 0 |a politika fiškálna 
610 2 0 |a financie verejné 
610 2 0 |a systémy dôchodkové 
610 2 0 |a reformy dôchodkové 
610 2 0 |a trh práce 
610 2 0 |a zamestnanosť 
610 2 0 |a mládež 
610 2 0 |a Švajčiarsko 
610 2 0 |a vodárenstvo 
610 2 0 |a voda 
610 2 0 |a trh tovarový 
610 2 0 |a údaje štatistické 
610 2 0 |a Španielsko